000 00611cam a22002293a 4500
001 14539
003 PGUSA
005 20140828083318.0
008 041231s2004||||xxu|||||s|||||000 1 eng d
040 _aPGUSA
_beng
042 _adc
050 4 _aPQ
100 1 _aMusset, Paul de,
_d1804-1880
245 1 0 _aLa Chèvre Jaune
_h[electronic resource] /
_cPaul de Musset
260 _bProject Gutenberg,
_c2004
506 _aPublic domain in the USA.
516 _aElectronic text
653 _aFiction
830 0 _aProject Gutenberg
_v14539
856 4 0 _uhttp://www.gutenberg.org/ebooks/14539
942 _cEB
999 _c243794
_d243794